[Event "POL-chT2"]
[Site "Augustow"]
[Date "1997.??.??"]
[Round "?"]
[White "Grzybowski, Eligiusz"]
[Black "Zielinski, Krzysztof"]
[Result "1-0"]
[WhiteElo "2010"]
[BlackElo "2205"]
[PlyCount "97"]
[EventDate "1997.??.??"]
[EventType "team"]
[EventRounds "9"]
[EventCountry "POL"]
[SourceTitle "EXT 2003"]
[Source "ChessBase"]
[SourceDate "2002.11.25"]
[SourceVersion "1"]
[SourceVersionDate "2002.11.25"]
[SourceQuality "1"]

1. e4 c5 2. Nf3 d6 3. d4 cxd4 4. Nxd4 Nf6 5. Nc3 a6 6. Be3 e6 7. f3 Be7 8. Qd2 Nc6 9. 0-0-0 0-0 10. g4 Nxd4 11. Bxd4 b5 12. h4 Bb7 13. a3 Rc8 14. Rg1 Nd7 15. g5 Ne5 16. f4 Nf3 17. Qe3 Nxg1 18. Bd3 e5 19. Bb6 Qe8 20. Rxg1 Bd8 21. Bxd8 Qxd8 22. f5 Qa5 23. h5 b4 24. axb4 Qxb4 25. f6 g6 26. Qh3 Rc7 27. Rh1 Re8 28. Qh4 Rb8 29. Nd1 Bc8 30. Rh2 a5 31. c3 Qc5 32. Kd2 a4 33. Ke2 Be6 34. Kf3 d5 35. Ne3 a3 36. bxa3 Qxc3 37. hxg6 fxg6 38. Rc2 Qa5 39. Rxc7 Qxc7 40. exd5 Bf5 41. Bxf5 gxf5 42. Nxf5 Rb3+ 43. Ne3 Qd7 44. Kf2 Rxa3 45. Qg4 Qxg4 46. Nxg4 e4 47. d6 Rd3 48. Ne5 Rxd6 49. Ke3 1-0

[Event "POL-chT2"]
[Site "Augustow"]
[Date "1997.??.??"]
[Round "?"]
[White "Zielinski, Krzysztof"]
[Black "Jakubowski, Krzysztof"]
[Result "1/2-1/2"]
[WhiteElo "2205"]
[BlackElo "2325"]
[PlyCount "81"]
[EventDate "1997.??.??"]
[EventType "team"]
[EventRounds "9"]
[EventCountry "POL"]
[SourceTitle "EXT 2003"]
[Source "ChessBase"]
[SourceDate "2002.11.25"]
[SourceVersion "1"]
[SourceVersionDate "2002.11.25"]
[SourceQuality "1"]

1. e4 c5 2. Nf3 d6 3. d4 cxd4 4. Nxd4 Nf6 5. Nc3 a6 6. Be2 e5 7. Nb3 Be6 8. a4 Nbd7 9. 0-0 Qc7 10. Be3 Be7 11. a5 0-0 12. f4 Qc6 13. Bf3 Rac8 14. f5 Bc4 15. Rf2 Rfe8 16. g4 h6 17. h4 Nh7 18. Rh2 b5 19. Qd2 Qc7 20. g5 hxg5 21. hxg5 b4 22. Nd5 Bxd5 23. exd5 e4 24. g6 fxg6 25. fxg6 Nhf8 26. Bxe4 Bf6 27. Bf5 Re5 28. Nd4 Rce8 29. Be6+ Nxe6 30. Nxe6 Qc4 31. Rd1 Nf8 32. Bf4 Nxe6 33. Bxe5 Bxe5 34. dxe6 Bxh2+ 35. Kxh2 Rxe6 36. Qd5 Qxd5 37. Rxd5 Rxg6 38. Rd4 Re6 39. Rxb4 Re2+ 40. Kg3 Rxc2 41. Rb6 1/2-1/2